000 00177 a2200097 4500
020 _a0823961370
041 _aspa
100 _aKirkpatrick,Rod
245 _aAlexi Lalas
942 _cBK
999 _c385
_d385